Čas pre jahničky obohacovať trh s potravinami

Bibliographic Details
Main Author: Jankura, Tomáš (Author)
Format: Article
Language:Slovak
Subjects:

MARC

LEADER 00000nab a2200000 a 4500
001 vtls001022684
003 SK-MaSNL
005 20260305033128.0
008 171110e19950209xo 0 slo
035 |a SL1271 
040 |a SLLK  |b slo  |c SLLK  |e AACR2 
041 0 |a slo 
044 |a xo  |c SK 
080 |a 631.115.6  |2 1981 
100 1 |a Jankura, Tomáš  |4 aut  |9 1022821 
245 1 0 |a Čas pre jahničky  |b obohacovať trh s potravinami  |c Tomáš Jankura 
650 0 7 |a poľnohospodárstvo  |2 snkbucl  |9 679 
650 0 7 |a družstvá poľnohospodárske  |2 SLLK  |9 309557 
650 0 7 |a chov oviec  |2 SLLK  |9 29711 
650 0 7 |a prehľady  |2 SLLK  |9 320308 
651 7 |a Stará Ľubovňa (Slovensko : okres)  |2 SLLK  |9 19196 
773 0 8 |t Ľubovnianske noviny  |g Roč. 21, č.6, 9.2.1995, s. 2 
852 |a ZVYKNI  |b KIS3GCP 
999 |c 3322963  |d 3324893